Statistiques concernant Les communes de l'Orne (61)

Cliquez ici pour prendre le quiz!

Statistiques générales

  • Ce quiz a été pris 63 fois
  • Le résultat moyen est 38 sur 385

Statistiques - réponses

HintRéponse% Correct
Alençon-1Alençon
89%
Argentan-1Argentan
78%
Flers-1Flers
74%
SéesSées
72%
Argentan-1Sai
70%
DamignyDamigny
65%
La Ferté MacéLa Ferté Macé
65%
L'AigleL'Aigle
59%
VimoutiersVimoutiers
54%
RaiRai
52%
Athis-Val de RouvreBriouze
50%
CetonCeton
50%
Domfront en PoiraieDomfront en Poiraie
50%
Mortagne-au-PercheMortagne-au-Perche
50%
Athis-Val de RouvreAthis-Val de Rouvre
48%
BretoncellesBretoncelles
46%
ÉcouvesÉcouves
46%
Magny-le-DésertMagny-le-Désert
43%
Tourouvre au PercheTourouvre au Perche
43%
Bagnoles de l'Orne NormandieBagnoles de l'Orne Normandie
39%
DamignyCondé-sur-Sarthe
33%
DamignyValframbert
30%
CetonBellême
28%
VimoutiersGacé
28%
SéesMortrée
28%
Athis-Val de RouvrePutanges-le-Lac
28%
Argentan-1Ri
28%
Flers-2Saint-Georges-des-Groseillers
28%
Magny-le-DésertÉcouché-les-Vallées
26%
La Ferté MacéLa Ferrière-aux-Étangs
26%
Magny-le-DésertRânes
26%
DamignySaint-Denis-sur-Sarthon
26%
Alençon-2Saint-Germain-du-Corbéis
26%
Magny-le-DésertCarrouges
24%
Bagnoles de l'Orne NormandieCeaucé
24%
Flers-2La Selle-la-Forge
24%
Argentan-2Le Pin-au-Haras
24%
La Ferté MacéMessei
24%
Flers-1La Lande-Patry
22%
ÉcouvesLe Mêle-sur-Sarthe
22%
DamignyLonrai
22%
Argentan-2Trun
22%
ÉcouvesCourtomer
20%
Argentan-1Sarceaux
20%
SéesAlmenêches
17%
La Ferté MacéBellou-en-Houlme
17%
Alençon-1Cerisé
17%
SéesLa Chapelle-près-Sées
17%
RaiLe Merlerault
17%
Athis-Val de RouvreSaint-Hilaire-de-Briouze
17%
Magny-le-DésertBoucé
15%
VimoutiersCamembert
15%
Domfront en PoiraieChampsecret
15%
Tourouvre au PercheCrulai
15%
RaiNonant-le-Pin
15%
Argentan-1Occagnes
15%
Bagnoles de l'Orne NormandieRives d'Andaine
15%
Athis-Val de RouvreSaint-André-de-Briouze
15%
Domfront en PoiraieTinchebray-Bocage
15%
Argentan-2Bailleul
13%
SéesChailloué
13%
L'AigleChandai
13%
Domfront en PoiraieChanu
13%
DamignyHéloup
13%
Bagnoles de l'Orne NormandieJuvigny Val d'Andaine
13%
Flers-1La Chapelle-au-Moine
13%
Flers-1La Chapelle-Biche
13%
SéesLa Ferrière-Béchet
13%
Flers-2Landigou
13%
SéesMacé
13%
Tourouvre au PercheMoulins-la-Marche
13%
RaiPlanches
13%
Athis-Val de RouvrePointel
13%
La Ferté MacéSaint-André-de-Messei
13%
RaiSainte-Gauburge-Sainte-Colombe
13%
Flers-1Saint-Paul
13%
SéesAunou-sur-Orne
11%
BretoncellesBerd'huis
11%
Tourouvre au PercheBizou
11%
Argentan-1Boischampré
11%
Athis-Val de RouvreCahan
11%
La Ferté MacéÉchalou
11%
RaiÉchauffour
11%
ÉcouvesEssay
11%
Magny-le-DésertJoué-du-Bois
11%
SéesLe Cercueil
11%
SéesLe Château-d'Almenêches
11%
RaiLes Authieux-du-Puits
11%
La Ferté MacéLes Monts d'Andaine
11%
Tourouvre au PercheLongny les Villages
11%
Domfront en PoiraieLonlay-l'Abbaye
11%
Bagnoles de l'Orne NormandieMantilly
11%
SéesNeauphe-sous-Essai
11%
Argentan-1Nécy
11%
DamignyPacé
11%
DamignySaint-Céneri-le-Gérei
11%
Magny-le-DésertSainte-Marguerite-de-Carrouges
11%
CetonSaint-Germain-de-la-Coudre
11%
L'AigleSaint-Ouen-sur-Iton
11%
Mortagne-au-PercheSoligny-la-Trappe
11%
CetonVal-au-Perche
11%
RaiAube
9%
Flers-2Aubusson
9%
Argentan-1Aunou-le-Faucon
9%
Mortagne-au-PercheBazoches-sur-Hoëne
9%
Tourouvre au PercheBeaulieu
9%
SéesBelfonds
9%
Tourouvre au PercheBonnefoi
9%
ÉcouvesBursard
9%
VimoutiersCrouttes
9%
DamignyCuissai
9%
La Ferté MacéDompierre
9%
Athis-Val de RouvreDurcet
9%
Argentan-2Écorches
9%
ÉcouvesGâprée
9%
Argentan-2Gouffern en Auge
9%
Mortagne-au-PercheLa Chapelle-Montligeon
9%
DamignyLa Ferrière-Bochard
9%
RaiLa Ferté-en-Ouche
9%
Flers-1Landisacq
9%
Athis-Val de RouvreLe Ménil-de-Briouze
9%
Mortagne-au-PercheLe Pin-la-Garenne
9%
Tourouvre au PercheLes Aspres
9%
SéesMédavy
9%
Magny-le-DésertMéhoudin
9%
Athis-Val de RouvreMénil-Gondouin
9%
DamignyMieuxcé
9%
Argentan-2Mont-Ormel
9%
BretoncellesMoutiers-au-Perche
9%
BretoncellesRémalard en Perche
9%
BretoncellesSaint-Cyr-la-Rosière
9%
Athis-Val de RouvreSainte-Honorine-la-Chardonne
9%
Athis-Val de RouvreSainte-Honorine-la-Guillaume
9%
Magny-le-DésertSaint-Ellier-les-Bois
9%
ÉcouvesSaint-Julien-sur-Sarthe
9%
Mortagne-au-PercheSaint-Langis-lès-Mortagne
9%
Argentan-1Sévigny
9%
Magny-le-DésertSevrai
9%
SéesTanville
9%
ÉcouvesAunay-les-Bois
7%
Magny-le-DésertAvoine
7%
La Ferté MacéBanvou
7%
La Ferté MacéBeauvain
7%
CetonBelforêt-en-Perche
7%
CetonBellou-le-Trichard
7%
SéesBoissei-la-Lande
7%
SéesBoitron
7%
Tourouvre au PercheBonsmoulins
7%
Flers-1Caligny
7%
Flers-1Cerisy-Belle-Étoile
7%
CetonChemilli
7%
Magny-le-DésertCiral
7%
DamignyColombiers
7%
Mortagne-au-PercheCourgeon
7%
BretoncellesCour-Maugis sur Huisne
7%
VimoutiersCroisilles
7%
CetonDame-Marie
7%
RaiÉcorcei
7%
Magny-le-DésertFleuré
7%
DamignyGandelain
7%
Argentan-2Ginai
7%
ÉcouvesHauterive
7%
CetonIgé
7%
Tourouvre au PercheIrai
7%
Flers-1La Bazoque
7%
CetonLa Chapelle-Souëf
7%
La Ferté MacéLa Coulonche
7%
DamignyLalacelle
7%
Magny-le-DésertLa Lande-de-Goult
7%
Mortagne-au-PercheLa Mesnière
7%
ÉcouvesLarré
7%
SéesLe Bouillon
7%
Athis-Val de RouvreLe Grais
7%
Tourouvre au PercheLe Mage
7%
ÉcouvesLe Plantis
7%
VimoutiersLes Champeaux
7%
Athis-Val de RouvreLes Yveteaux
7%
Athis-Val de RouvreLignou
7%
Magny-le-DésertLougé-sur-Maire
7%
Mortagne-au-PercheMauves-sur-Huisne
7%
Athis-Val de RouvreMénil-Hermei
7%
Argentan-1Montabard
7%
SéesMontmerrei
7%
Athis-Val de RouvreMontreuil-au-Houlme
7%
Magny-le-DésertMonts-sur-Orne
7%
VimoutiersOrgères
7%
CetonOrigny-le-Roux
7%
BretoncellesPerche en Nocé
7%
Mortagne-au-PerchePervenchères
7%
VimoutiersRésenlieu
7%
VimoutiersRoiville
7%
Argentan-1Rônai
7%
Magny-le-DésertRouperroux
7%
BretoncellesSablons sur Huisne
7%
Domfront en PoiraieSaint-Bômer-les-Forges
7%
Flers-1Saint-Clair-de-Halouze
7%
Athis-Val de RouvreSainte-Opportune
7%
ÉcouvesSainte-Scolasse-sur-Sarthe
7%
Magny-le-DésertSaint-Georges-d'Annebecq
7%
SéesSaint-Gervais-du-Perron
7%
ÉcouvesSaint-Léger-sur-Sarthe
7%
ÉcouvesSaint-Léonard-des-Parcs
7%
Mortagne-au-PercheSaint-Mard-de-Réno
7%
Bagnoles de l'Orne NormandieSaint-Mars-d'Égrenne
7%
CetonSaint-Martin-du-Vieux-Bellême
7%
RaiSaint-Nicolas-de-Sommaire
7%
Magny-le-DésertSaint-Patrice-du-Désert
7%
Flers-1Saint-Pierre-d'Entremont
7%
BretoncellesSaint-Pierre-la-Bruyère
7%
Magny-le-DésertSaint-Sauveur-de-Carrouges
7%
L'AigleSaint-Sulpice-sur-Risle
7%
RaiSaint-Symphorien-des-Bruyères
7%
VimoutiersSap-en-Auge
7%
ÉcouvesSemallé
7%
Magny-le-DésertTanques
7%
Bagnoles de l'Orne NormandieTorchamp
7%
RaiTouquettes
7%
ÉcouvesTrémont
7%
BretoncellesVerrières
7%
Mortagne-au-PercheVilliers-sous-Mortagne
7%
CetonAppenai-sous-Bellême
4%
Tourouvre au PercheAuguaise
4%
Athis-Val de RouvreBazoches-au-Houlme
4%
Mortagne-au-PercheBellavilliers
4%
Athis-Val de RouvreBerjou
4%
Argentan-1Brieux
4%
ÉcouvesBuré
4%
ÉcouvesBures
4%
Magny-le-DésertChahains
4%
Athis-Val de RouvreChampcerie
4%
RaiChamp-Haut
4%
Tourouvre au PercheCharencey
4%
VimoutiersCisai-Saint-Aubin
4%
Argentan-2Coudehard
4%
Mortagne-au-PercheCoulimer
4%
VimoutiersCoulmer
4%
Argentan-2Coulonces
4%
ÉcouvesCoulonges-sur-Sarthe
4%
Mortagne-au-PercheCourgeoût
4%
Athis-Val de RouvreCraménil
4%
Athis-Val de RouvreFaverolles
4%
RaiFay
4%
Mortagne-au-PercheFeings
4%
Argentan-2Fontaine-les-Bassets
4%
RaiGodisson
4%
Argentan-2Guêprei
4%
VimoutiersGuerquesalles
4%
Athis-Val de RouvreHabloville
4%
Magny-le-DésertJoué-du-Plain
4%
Argentan-1Juvigny-sur-Orne
4%
Tourouvre au PercheLa Chapelle-Viel
4%
Tourouvre au PercheLa Ferrière-au-Doyen
4%
VimoutiersLa Fresnaie-Fayel
4%
Athis-Val de RouvreLa Lande-Saint-Siméon
4%
VimoutiersLa Trinité-des-Laitiers
4%
Magny-le-DésertLe Champ-de-la-Pierre
4%
Flers-1Le Châtellier
4%
ÉcouvesLe Ménil-Broût
4%
VimoutiersLe Sap-André
4%
Mortagne-au-PercheLoisail
4%
La Ferté MacéLonlay-le-Tesson
4%
Magny-le-DésertL'Orée-d'Écouves
4%
Argentan-2Louvières-en-Auge
4%
RaiMahéru
4%
VimoutiersMénil-Hubert-en-Exmes
4%
Athis-Val de RouvreMénil-Hubert-sur-Orne
4%
Argentan-2Merri
4%
ÉcouvesMontchevrel
4%
Domfront en PoiraieMontsecret-Clairefougère
4%
Argentan-1Moulins-sur-Orne
4%
Athis-Val de RouvreNeuvy-au-Houlme
4%
Mortagne-au-PercheRéveillon
4%
Mortagne-au-PercheSaint-Aubin-de-Courteraie
4%
Domfront en PoiraieSaint-Brice
4%
Magny-le-DésertSaint-Brice-sous-Rânes
4%
RaiSaint-Evroult-Notre-Dame-du-Bois
4%
RaiSaint-Germain-de-Clairefeuille
4%
Mortagne-au-PercheSaint-Germain-de-Martigny
4%
BretoncellesSaint-Germain-des-Grois
4%
ÉcouvesSaint-Germain-le-Vieux
4%
Mortagne-au-PercheSaint-Hilaire-le-Châtel
4%
CetonSaint-Hilaire-sur-Erre
4%
Argentan-2Saint-Lambert-sur-Dive
4%
Magny-le-DésertSaint-Martin-l'Aiguillon
4%
L'AigleSaint-Michel-Tubœuf
4%
DamignySaint-Nicolas-des-Bois
4%
Mortagne-au-PercheSaint-Ouen-de-Sécherouvre
4%
Magny-le-DésertSaint-Ouen-le-Brisoult
4%
Athis-Val de RouvreSaint-Philbert-sur-Orne
4%
Flers-2Saint-Pierre-du-Regard
4%
CetonSuré
4%
Bagnoles de l'Orne NormandieTessé-Froulay
4%
VimoutiersTicheville
4%
Argentan-2Tournai-sur-Dive
4%
Magny-le-DésertVieux-Pont
4%
Argentan-2Villedieu-lès-Bailleul
4%
L'AigleVitrai-sous-Laigle
4%
VimoutiersAubry-le-Panthou
2%
Domfront en PoiraieAvrilly
2%
RaiBeaufai
2%
Mortagne-au-PercheBoëcé
2%
Tourouvre au PercheBrethel
2%
ÉcouvesBrullemail
2%
VimoutiersCanapville
2%
Mortagne-au-PercheChampeaux-sur-Sarthe
2%
VimoutiersChamposoult
2%
VimoutiersChaumont
2%
Mortagne-au-PercheComblot
2%
Argentan-1Commeaux
2%
Mortagne-au-PercheCorbon
2%
ÉcouvesFerrières-la-Verrerie
2%
SéesFrancheville
2%
VimoutiersFresnay-le-Samson
2%
Athis-Val de RouvreGiel-Courteilles
2%
Magny-le-DésertLa Chaux
2%
RaiLa Genevraie
2%
RaiLa Gonfrière
2%
Magny-le-DésertLa Lande-de-Lougé
2%
ÉcouvesLaleu
2%
BretoncellesLa Madeleine-Bouvet
2%
Magny-le-DésertLa Motte-Fouquet
2%
DamignyLa Roche-Mabile
2%
Tourouvre au PercheLa Ventrouze
2%
ÉcouvesLe Chalange
2%
Tourouvre au PercheLe Ménil-Bérard
2%
Domfront en PoiraieLe Ménil-Ciboult
2%
ÉcouvesLe Ménil-Guyon
2%
Magny-le-DésertLe Ménil-Scelleur
2%
RaiLe Ménil-Vicomte
2%
Tourouvre au PercheLe Pas-Saint-l'Homer
2%
VimoutiersLe Renouard
2%
Tourouvre au PercheLes Genettes
2%
Tourouvre au PercheL'Hôme-Chamondot
2%
RaiLignères
2%
ÉcouvesMarchemaisons
2%
VimoutiersMardilly
2%
ÉcouvesMénil-Erreux
2%
RaiMénil-Froger
2%
Athis-Val de RouvreMénil-Vin
2%
Flers-1Moncy
2%
Mortagne-au-PercheMontgaudry
2%
Flers-2Montilly-sur-Noireau
2%
Argentan-2Montreuil-la-Cambe
2%
Argentan-2Neauphe-sur-Dive
2%
ÉcouvesNeuilly-le-Bisson
2%
VimoutiersNeuville-sur-Touques
2%
Argentan-2Ommoy
2%
Mortagne-au-PercheParfondeval
2%
Bagnoles de l'Orne NormandiePassais Villages
2%
Bagnoles de l'Orne NormandiePerrou
2%
CetonPouvrai
2%
ÉcouvesSaint-Agnan-sur-Sarthe
2%
Mortagne-au-PercheSaint-Aquilin-de-Corbion
2%
ÉcouvesSaint-Aubin-d'Appenai
2%
Domfront en PoiraieSaint-Christophe-de-Chaulieu
2%
Mortagne-au-PercheSaint-Denis-sur-Huisne
2%
Mortagne-au-PercheSainte-Céronne-lès-Mortagne
2%
Magny-le-DésertSainte-Marie-la-Robert
2%
VimoutiersSaint-Evroult-de-Montfort
2%
Bagnoles de l'Orne NormandieSaint-Fraimbault
2%
CetonSaint-Fulgent-des-Ormes
2%
Argentan-2Saint-Gervais-des-Sablons
2%
Domfront en PoiraieSaint-Gilles-des-Marais
2%
Tourouvre au PercheSaint-Hilaire-sur-Risle
2%
Mortagne-au-PercheSaint-Jouin-de-Blavou
2%
L'AigleSaint-Martin-d'Écublei
2%
Magny-le-DésertSaint-Martin-des-Landes
2%
RaiSaint-Pierre-des-Loges
2%
ÉcouvesSaint-Quentin-de-Blavou
2%
Domfront en PoiraieSaint-Quentin-les-Chardonnets
2%
Bagnoles de l'Orne NormandieSaint-Roch-sur-Égrenne
2%
La Ferté MacéSaires-la-Verrerie
2%
ÉcouvesTellières-le-Plessis
2%
CetonVaunoise
2%
VimoutiersAvernes-Saint-Gourgon
0%
ÉcouvesBarville
0%
SéesLa Bellière
0%
VimoutiersLe Bosc-Renoult
0%
Tourouvre au PercheLes Menus
0%
ÉcouvesLes Ventes-de-Bourse
0%
VimoutiersPontchardon
0%
VimoutiersSaint-Aubin-de-Bonneval
0%
VimoutiersSaint-Germain-d'Aunay
0%
Mortagne-au-PercheSaint-Martin-des-Pézerits
0%
ÉcouvesVidai
0%

Distribution des résultats

Percentile par nombre de réponses

% des personnes avec chaque résultat

Votre développement - résultats

Vous n’avez pas pris ce quiz